Cost accounting/ (Record no. 10974)

MARC details
000 -LEADER
fixed length control field 00829 a2200205 4500
005 - DATE AND TIME OF LATEST TRANSACTION
control field 20080828095051.0
008 - FIXED-LENGTH DATA ELEMENTS--GENERAL INFORMATION
fixed length control field 080828t xxu||||| |||| 00| 0 eng d
010 ## - LCCN (DPL NO)
LC control number ENG-89594
020 ## - INTERNATIONAL STANDARD BOOK NUMBER
Terms of availability 125.00
035 ## - SYSTEM CONTROL NUMBER
System control number EN-73127
037 ## - SOURCE OF ACQUISITION
Source of stock number/acquisition DBAD / PUB
082 ## - DEWEY DECIMAL CLASSIFICATION NUMBER
Classification number 657.42
100 ## - MAIN ENTRY--PERSONAL NAME
Personal name Bhatta, H.S.Mahabaleshwara
245 ## - TITLE STATEMENT
Title Cost accounting/
Statement of responsibility, etc by H. S. Mahabaleshwara Bhatta
260 ## - PUBLICATION, DISTRIBUTION, ETC. (IMPRINT)
Place of publication, distribution, etc Mumbai
Name of publisher, distributor, etc Himalaya Publishing House
Date of publication, distribution, etc 2006
270 ## - ADDRESS
Address "Ramdoot", Dr. Bhalerao Marg, Girgaon
City Mumbai
Postal code 400004
Telephone number 022-23860170, 022-23863863
Fax number 022-23877178
Electronic mail address himpub@vsnl.net.in
300 ## - PHYSICAL DESCRIPTION
Extent 330 p.
Dimensions 24.5 cm (pbk)
942 ## - ADDED ENTRY ELEMENTS (KOHA)
Institution code [OBSOLETE] dpl
Item type English Books
Call number prefix 657.42 / MAH
Source of classification or shelving scheme Dewey Decimal Classification
Classification part 657.42
Holdings
Withdrawn status Lost status Source of classification or shelving scheme Damaged status Not for loan Collection code Home library Current library Date acquired Cost, normal purchase price Total Checkouts Full call number Barcode Date last seen Cost, replacement price Koha item type
    Dewey Decimal Classification     Non-fiction D.B.Act.Division D.B.Act.Division 28/08/2008 125.00   657.42 EN-73127 15/09/2008 125.00 English Books

© Delhi Public Library
Hit Counter
free hit counter